|
|
|
|
| LEADER |
00976nam a22002411 4500 |
| 001 |
c000352442 |
| 003 |
CARM |
| 005 |
00000000000000.0 |
| 008 |
700217s1956 ii bh 00000 eng |
| 019 |
1 |
|
|a 97791
|5 LACONCORD2021
|
| 035 |
|
|
|a (OCoLC)43652
|5 LACONCORD2021
|
| 050 |
0 |
0 |
|a DS485.C3
|b H48
|
| 245 |
0 |
4 |
|a The History of freedom movement in Madhya Pradesh.
|
| 260 |
|
|
|a Nagpur,
|b Govt. Print., Madhya Pradesh,
|c 1956.
|
| 300 |
|
|
|a xii, 4, 499 p.
|b facsims., maps.
|c 26 cm.
|
| 500 |
|
|
|a At head of title: Govt. of Madhya Pradesh.
|
| 500 |
|
|
|a "Editor-in-chief: Dwarka Prasad Misha."
|
| 651 |
|
0 |
|a Madhya Pradesh (India)
|x Politics and government.
|
| 700 |
1 |
|
|a Miśra, Dvārakā Prasāda,
|d 1901-
|e ed.
|
| 710 |
1 |
|
|a Madhya Pradesh (India)
|
| 852 |
8 |
|
|b CARM
|h A1:AN37G0
|i C09937
|p 0421057
|f BK
|
| 999 |
f |
f |
|i 7a4151e9-f759-545d-bb4b-c63231717ce6
|s 020bea09-f647-5e11-a0b0-a62c730b3b51
|
| 952 |
f |
f |
|p Can circulate
|a CAVAL
|b CAVAL
|c CAVAL
|d CARM 1 Store
|e C09937
|f A1:AN37G0
|h Other scheme
|i book
|m 0421057
|